[Event "Troya op 23rd"]
[Site "Canakkale"]
[Date "2015.08.15"]
[Round "9"]
[White "Mammadov, Ayaz Arzu"]
[Black "Petrov, Marian"]
[Result "0-1"]
[WhiteElo "2404"]
[BlackElo "2482"]
[PlyCount "114"]
[EventDate "2015.08.08"]
[EventType "swiss"]
[EventRounds "9"]
[EventCountry "TUR"]
[SourceTitle "CBM 167 Extra"]
[Source "ChessBase"]
[SourceDate "2015.09.14"]
[SourceVersion "1"]
[SourceVersionDate "2015.09.14"]
[SourceQuality "1"]

1. e4 c5 2. Nf3 Nc6 3. d4 cxd4 4. Nxd4 Qb6 5. Nb3 Nf6 6. Nc3 e6 7. Qe2 Bb4 8. Bd2 0-0 9. a3 Bxc3 10. Bxc3 e5 11. 0-0-0 a5 12. f4 Re8 13. h3 a4 14. Nd2 Qc5 15. Nc4 d5 16. exd5 Nxd5 17. Bxe5 Nxf4 18. Qd2 Nxe5 19. Qxf4 Ng6 20. Qd4 Qg5+ 21. Kb1 Be6 22. Nd6 Red8 23. g4 Rd7 24. Qb4 Rad8 25. c4 Nf4 26. c5 Bb3 27. Rc1 Nd5 28. Qe4 Re7 29. Qf5 Qd2 30. Bb5 g6 31. Qd3 Qxd3+ 32. Bxd3 b6 33. Nb5 bxc5 34. Bc4 Nf4 35. Bxb3 axb3 36. Rxc5 Rd2 37. Rc3 Ree2 38. Rxb3 Nd3 39. Nd4 Rf2 40. Rb8+ Kg7 41. Rb7 Kf6 42. Rb5 Nxb2 43. Nf3 Rxf3 44. Rxb2 Rdd3 45. a4 Rxh3 46. Rxh3 Rxh3 47. a5 Rc3 48. a6 Rc8 49. a7 Ra8 50. Ra2 Kg5 51. Ra4 h5 52. gxh5 gxh5 53. Ra2 h4 54. Kc1 h3 55. Kd1 Rxa7 56. Rxa7 h2 57. Ra5+ f5 0-1

[Event "Troya op 23rd"]
[Site "Canakkale"]
[Date "2015.08.14"]
[Round "8"]
[White "Rahmanov, Shahriyar Teymur Og"]
[Black "Mammadov, Ayaz Arzu"]
[Result "1/2-1/2"]
[WhiteElo "2338"]
[BlackElo "2404"]
[PlyCount "138"]
[EventDate "2015.08.08"]
[EventType "swiss"]
[EventRounds "9"]
[EventCountry "TUR"]
[SourceTitle "CBM 167 Extra"]
[Source "ChessBase"]
[SourceDate "2015.09.14"]
[SourceVersion "1"]
[SourceVersionDate "2015.09.14"]
[SourceQuality "1"]

1. d4 d5 2. c4 e6 3. Nf3 Nf6 4. Nc3 c6 5. e3 Nbd7 6. Bd3 dxc4 7. Bxc4 b5 8. Bd3 Bd6 9. 0-0 0-0 10. e4 e5 11. Bg5 h6 12. Bh4 exd4 13. Nxd4 Ne5 14. Bc2 b4 15. Na4 Ng6 16. Bg3 Bxg3 17. hxg3 Qc7 18. Qf3 Re8 19. Nf5 Bxf5 20. exf5 Ne5 21. Qf4 c5 22. Rfe1 c4 23. Rad1 Re7 24. b3 Rae8 25. Re3 a5 26. bxc4 Qxc4 27. Qxc4 Nxc4 28. Rxe7 Rxe7 29. Bb3 Na3 30. f3 Kf8 31. Rc1 Nb5 32. Rc5 Rb7 33. g4 Nd7 34. Rc8+ Ke7 35. Ra8 Ra7 36. Rg8 Kf6 37. Kh2 Nd4 38. Bd5 Ne2 39. Rc8 Nf4 40. Bb3 Nd3 41. Kg3 Ke7 42. f4 Ra6 43. Kf3 Rd6 44. g3 Nf6 45. Ra8 Nc1 46. Bc4 Nxa2 47. Ra7+ Kd8 48. Nc5 Rc6 49. Nb7+ Kc8 50. Nxa5 Rc5 51. g5 hxg5 52. fxg5 Rxf5+ 53. Ke3 Nd5+ 54. Kd4 Nac3 55. Nc6 Nc7 56. Ne7+ Kd8 57. Rxc7 Nb5+ 58. Bxb5 Rxb5 59. Ra7 b3 60. Nc6+ Ke8 61. g6 fxg6 62. Ra8+ Kd7 63. Ne5+ Ke6 64. Re8+ Kf5 65. Rf8+ Ke6 66. Re8+ Kf5 67. Rf8+ Ke6 68. Re8+ Kf5 69. Rf8+ Ke6 1/2-1/2

[Event "Troya op 23rd"]
[Site "Canakkale"]
[Date "2015.08.13"]
[Round "7"]
[White "Mammadov, Ayaz Arzu"]
[Black "Eminov, Orkhan"]
[Result "1-0"]
[WhiteElo "2404"]
[BlackElo "2326"]
[PlyCount "119"]
[EventDate "2015.08.08"]
[EventType "swiss"]
[EventRounds "9"]
[EventCountry "TUR"]
[SourceTitle "CBM 167 Extra"]
[Source "ChessBase"]
[SourceDate "2015.09.14"]
[SourceVersion "1"]
[SourceVersionDate "2015.09.14"]
[SourceQuality "1"]

1. e4 c5 2. Nf3 Nc6 3. d4 cxd4 4. Nxd4 g6 5. Nc3 Bg7 6. Be3 Nf6 7. Bc4 Qa5 8. 0-0 0-0 9. Bb3 d6 10. h3 Bd7 11. Re1 Qh5 12. Qd3 b5 13. Nxc6 Bxc6 14. Nd5 Nxd5 15. exd5 Bd7 16. Bd4 Bxd4 17. Qxd4 Qg5 18. h4 Qf6 19. Qxf6 exf6 20. c4 bxc4 21. Bxc4 Rfb8 22. Re7 Bb5 23. Bb3 a5 24. Rc1 a4 25. Bd1 Rc8 26. Rcc7 Rxc7 27. Rxc7 Re8 28. Bf3 Be2 29. Bxe2 Rxe2 30. Rb7 a3 31. bxa3 Rxa2 32. Rb3 Kg7 33. g3 f5 34. Kg2 Kf6 35. Kf3 Rd2 36. Ke3 Rxd5 37. Rd3 Re5+ 38. Kd4 Re2 39. f4 h6 40. Re3 Rd2+ 41. Kc3 Ra2 42. Kb3 Ra1 43. a4 d5 44. Kb4 g5 45. a5 gxf4 46. gxf4 Rf1 47. a6 Rxf4+ 48. Kb5 Rg4 49. Re8 Rg2 50. a7 Ra2 51. a8Q Rxa8 52. Rxa8 f4 53. Kb4 Kf5 54. Kc3 f3 55. Kd2 d4 56. Ke1 d3 57. Rd8 Ke4 58. Kf2 h5 59. Rd7 f5 60. Rd8 1-0

[Event "Troya op 23rd"]
[Site "Canakkale"]
[Date "2015.08.11"]
[Round "5"]
[White "Mammadov, Ayaz Arzu"]
[Black "Chigladze, Iveri"]
[Result "1/2-1/2"]
[WhiteElo "2404"]
[BlackElo "2341"]
[PlyCount "73"]
[EventDate "2015.08.08"]
[EventType "swiss"]
[EventRounds "9"]
[EventCountry "TUR"]
[SourceTitle "CBM 167 Extra"]
[Source "ChessBase"]
[SourceDate "2015.09.14"]
[SourceVersion "1"]
[SourceVersionDate "2015.09.14"]
[SourceQuality "1"]

1. e4 Nf6 2. e5 Nd5 3. d4 d6 4. Nf3 Bf5 5. Bd3 Bxd3 6. Qxd3 e6 7. 0-0 Be7 8. Qb5+ Nd7 9. Qxb7 0-0 10. Qb5 c5 11. exd6 Bxd6 12. Bg5 Qc7 13. dxc5 Nxc5 14. Qe2 h6 15. Bd2 Rab8 16. c4 Nf6 17. b4 Nce4 18. a3 a5 19. c5 Be7 20. Qc4 Rb7 21. Nc3 Nxd2 22. Nxd2 Nd5 23. Rab1 axb4 24. axb4 Rfb8 25. Nxd5 exd5 26. Qxd5 Rxb4 27. Rxb4 Rxb4 28. Ne4 Rb5 29. Ra1 Qa7 30. Rc1 Qa3 31. Rd1 Bxc5 32. Qc4 Qb4 33. Qxb4 Bxb4 34. Rb1 Rb8 35. g4 Bd6 36. Rxb8+ Bxb8 37. Kg2 1/2-1/2

[Event "Troya op 23rd"]
[Site "Canakkale"]
[Date "2015.08.09"]
[Round "2"]
[White "Gulden, Egemen"]
[Black "Mammadov, Ayaz Arzu"]
[Result "0-1"]
[WhiteElo "1966"]
[BlackElo "2404"]
[PlyCount "54"]
[EventDate "2015.08.08"]
[EventType "swiss"]
[EventRounds "9"]
[EventCountry "TUR"]
[SourceTitle "CBM 167 Extra"]
[Source "ChessBase"]
[SourceDate "2015.09.14"]
[SourceVersion "1"]
[SourceVersionDate "2015.09.14"]
[SourceQuality "1"]

1. e4 d5 2. e5 c5 3. f4 Nc6 4. d3 Bf5 5. Nf3 e6 6. g3 h5 7. h3 Qb6 8. Bg2 Be7 9. 0-0 Nh6 10. Nc3 f6 11. Re1 0-0-0 12. Ne2 c4+ 13. Kh2 Ng4+ 14. hxg4 hxg4+ 15. Nh4 g5 16. exf6 gxh4 17. d4 Bxf6 18. c3 Bd3 19. b3 Ne7 20. bxc4 dxc4 21. Ba3 Nf5 22. Bc5 Qc7 23. Qa4 hxg3+ 24. Kg1 Qh7 25. d5 Qh2+ 26. Kf1 Qh1+ 27. Bxh1 Rxh1+ 0-1

[Event "TUR-chT2"]
[Site "Konya"]
[Date "2015.07.30"]
[Round "8.8"]
[White "Szabo, Bence"]
[Black "Mammadov, Ayaz Arzu"]
[Result "1/2-1/2"]
[WhiteElo "2399"]
[BlackElo "2404"]
[PlyCount "45"]
[EventDate "2015.07.25"]
[EventType "team-swiss"]
[EventRounds "9"]
[EventCountry "TUR"]
[SourceTitle "EXT 2017"]
[Source "ChessBase"]
[SourceDate "2016.10.25"]
[SourceVersion "1"]
[SourceVersionDate "2016.10.25"]
[SourceQuality "1"]
[WhiteTeam "Hatay Samandag"]
[BlackTeam "Karaman Saglik"]
[WhiteTeamCountry "TUR"]
[BlackTeamCountry "TUR"]

1. d4 d5 2. c4 e6 3. Nc3 c6 4. e3 Nf6 5. Nf3 Nbd7 6. Qc2 Bd6 7. b3 0-0 8. Be2 e5 9. cxd5 cxd5 10. Nb5 Bb4+ 11. Bd2 Bxd2+ 12. Nxd2 a6 13. dxe5 Nxe5 14. Nd4 Bg4 15. Bxg4 Nfxg4 16. 0-0 Rc8 17. Qf5 g6 18. Qf4 Qe7 19. N2f3 Nxf3+ 20. Qxf3 Qe4 21. Rfd1 Qxf3 22. gxf3 Nf6 23. Rac1 1/2-1/2

[Event "TUR-chT2"]
[Site "Konya"]
[Date "2015.07.27"]
[Round "4.9"]
[White "Mammadov, Ayaz Arzu"]
[Black "Usmanov, Vasily"]
[Result "1-0"]
[WhiteElo "2404"]
[BlackElo "2455"]
[PlyCount "23"]
[EventDate "2015.07.25"]
[EventType "team-swiss"]
[EventRounds "9"]
[EventCountry "TUR"]
[SourceTitle "CBM 167 Extra"]
[Source "ChessBase"]
[SourceDate "2015.09.14"]
[SourceVersion "1"]
[SourceVersionDate "2015.09.14"]
[SourceQuality "1"]
[WhiteTeam "Karaman Saglik"]
[BlackTeam "Karaman Belediye"]
[WhiteTeamCountry "TUR"]
[BlackTeamCountry "TUR"]

1. e4 c5 2. Nf3 Nc6 3. d4 cxd4 4. Nxd4 Nf6 5. Nc3 e6 6. Qe2 Bb4 7. Bd2 0-0 8. a3 Be7 9. 0-0-0 d5 10. exd5 Nxd5 11. Nxd5 exd5 12. Bc3 1-0

[Event "Nakhchivan op"]
[Site "Nakhchivan"]
[Date "2015.05.10"]
[Round "9"]
[White "Sibashvili, Giorgi"]
[Black "Mammadov, Ayaz Arzu"]
[Result "1/2-1/2"]
[WhiteElo "2361"]
[BlackElo "2407"]
[PlyCount "29"]
[EventDate "2015.05.02"]
[EventType "swiss"]
[EventRounds "9"]
[EventCountry "AZE"]
[SourceTitle "CBM 166 Extra"]
[Source "ChessBase"]
[SourceDate "2015.06.18"]
[SourceVersion "1"]
[SourceVersionDate "2015.06.18"]
[SourceQuality "1"]

1. d4 d5 2. c4 e6 3. Nf3 c6 4. Nc3 Nf6 5. Bg5 Nbd7 6. e3 Qa5 7. cxd5 Nxd5 8. Qd2 Bb4 9. Rc1 h6 10. Bh4 c5 11. a3 Bxc3 12. bxc3 b6 13. c4 Qxd2+ 14. Nxd2 Ne7 15. f3 1/2-1/2

[Event "Nakhchivan op"]
[Site "Nakhchivan"]
[Date "2015.05.05"]
[Round "4"]
[White "Mammadov, Ayaz Arzu"]
[Black "Morchiashvili, Bachana"]
[Result "1-0"]
[WhiteElo "2407"]
[BlackElo "2322"]
[PlyCount "69"]
[EventDate "2015.05.02"]
[EventType "swiss"]
[EventRounds "9"]
[EventCountry "AZE"]
[SourceTitle "CBM 166 Extra"]
[Source "ChessBase"]
[SourceDate "2015.06.18"]
[SourceVersion "1"]
[SourceVersionDate "2015.06.18"]
[SourceQuality "1"]

1. e4 c5 2. Nf3 d6 3. d4 cxd4 4. Nxd4 Nf6 5. Nc3 a6 6. Be3 Ng4 7. Bc1 Nf6 8. Be3 Ng4 9. Bg5 h6 10. Bh4 g5 11. Bg3 Bg7 12. Qd2 Nc6 13. Nb3 Be6 14. 0-0-0 Rc8 15. Nd5 b5 16. h4 Nge5 17. hxg5 Nc4 18. Bxc4 bxc4 19. gxh6 Rxh6 20. Qxh6 Bxh6+ 21. Rxh6 cxb3 22. Rh8+ Kd7 23. Rxd8+ Rxd8 24. axb3 Rg8 25. Nf6+ exf6 26. Rxd6+ Ke7 27. Rxc6 Rg4 28. Rxa6 Rxe4 29. Ra7+ Ke8 30. Kd2 f5 31. f3 Rd4+ 32. Ke3 Rd1 33. b4 Bc4 34. b3 Bf1 35. Kf2 1-0

[Event "Kesarovski Georgiev Memorial 11th"]
[Site "Sunny Beach"]
[Date "2012.09.06"]
[Round "6"]
[White "Mammadov, Ayaz Arzu"]
[Black "Berezovics, Alexander"]
[Result "1/2-1/2"]
[WhiteElo "2403"]
[BlackElo "2199"]
[PlyCount "51"]
[EventDate "2012.09.01"]
[EventType "swiss"]
[EventRounds "9"]
[EventCountry "BUL"]
[SourceTitle "CBM 150 Extra"]
[Source "ChessBase"]
[SourceDate "2012.10.19"]
[SourceVersion "1"]
[SourceVersionDate "2012.10.19"]
[SourceQuality "1"]

1. e4 d6 2. d4 g6 3. Nc3 Bg7 4. g3 Nf6 5. Bg2 0-0 6. Nge2 e5 7. 0-0 Nc6 8. dxe5 dxe5 9. Bg5 Nd4 10. Nxd4 Qxd4 11. Qxd4 exd4 12. Nb5 c6 13. Nd6 h6 14. Bf4 Rd8 15. Nxc8 Raxc8 16. Rad1 c5 17. Rfe1 Nd7 18. Bh3 Rc6 19. Bc1 c4 20. f4 Nc5 21. e5 f6 22. b3 fxe5 23. fxe5 b5 24. bxc4 bxc4 25. Ba3 Bf8 26. Re2 1/2-1/2

[Event "Kesarovski Georgiev Memorial 11th"]
[Site "Sunny Beach"]
[Date "2012.09.04"]
[Round "4"]
[White "Mammadov, Ayaz Arzu"]
[Black "Georgiev, Krum"]
[Result "1/2-1/2"]
[WhiteElo "2403"]
[BlackElo "2423"]
[PlyCount "120"]
[EventDate "2012.09.01"]
[EventType "swiss"]
[EventRounds "9"]
[EventCountry "BUL"]
[SourceTitle "CBM 150 Extra"]
[Source "ChessBase"]
[SourceDate "2012.10.19"]
[SourceVersion "1"]
[SourceVersionDate "2012.10.19"]
[SourceQuality "1"]

1. e4 c5 2. c3 d6 3. d4 Nf6 4. Bd3 Nc6 5. Nf3 e5 6. dxe5 dxe5 7. Bg5 Be7 8. Bxf6 Bxf6 9. Na3 a6 10. Nc4 b5 11. Ne3 0-0 12. 0-0 Ne7 13. Qe2 Qb6 14. Rfd1 Bb7 15. c4 Rad8 16. cxb5 axb5 17. Bxb5 Bxe4 18. Nc4 Qxb5 19. Qxe4 Qa4 20. Rxd8 Rxd8 21. b3 Qc6 22. Re1 Qxe4 23. Rxe4 Nc6 24. g4 h6 25. h4 g6 26. g5 hxg5 27. hxg5 Bg7 28. Nfxe5 Nd4 29. Kg2 Ra8 30. b4 Rxa2 31. bxc5 Ne6 32. c6 Rc2 33. Nf3 Kf8 34. Kg3 Ke7 35. c7 Kd7 36. c8Q+ Kxc8 37. Nd6+ Kd7 38. Nxf7 Rc5 39. Kg4 Rf5 40. N7e5+ Kd6 41. Nxg6 Rxf3 42. Rxe6+ Kxe6 43. Kxf3 Kf5 44. Nf4 Bd4 45. Nh3 Be5 46. Ke3 Bb2 47. f3 Be5 48. Kd3 Bb2 49. Kd2 Bg7 50. Kc2 Bd4 51. Kd3 Bb2 52. Kc4 Bc1 53. Kd4 Bb2+ 54. Kd5 Bc1 55. Kd6 Bd2 56. Kd5 Be3 57. Kd6 Bd2 58. Kd5 Be3 59. Kd6 Bd2 60. Nf2 Bxg5 1/2-1/2

[Event "Kesarovski Georgiev Memorial 11th"]
[Site "Sunny Beach"]
[Date "2012.09.03"]
[Round "3"]
[White "Arnaudov, Petar"]
[Black "Mammadov, Ayaz Arzu"]
[Result "0-1"]
[WhiteElo "2134"]
[BlackElo "2403"]
[PlyCount "64"]
[EventDate "2012.09.01"]
[EventType "swiss"]
[EventRounds "9"]
[EventCountry "BUL"]
[SourceTitle "CBM 150 Extra"]
[Source "ChessBase"]
[SourceDate "2012.10.19"]
[SourceVersion "1"]
[SourceVersionDate "2012.10.19"]
[SourceQuality "1"]

1. e4 e6 2. d4 d5 3. e5 c5 4. c3 Qb6 5. a3 Bd7 6. b4 cxd4 7. cxd4 Bb5 8. Bxb5+ Qxb5 9. Nc3 Qc6 10. Nge2 Nd7 11. 0-0 Nb6 12. Bd2 Nc4 13. b5 Qd7 14. a4 Bb4 15. Rb1 Ba5 16. Rb3 Rc8 17. Nb1 Nxd2 18. Nxd2 Qc7 19. Rb2 Ne7 20. Nb3 Bb4 21. Qb1 0-0 22. Rc1 Qd7 23. Rbc2 Ba3 24. Rxc8 Rxc8 25. Rxc8+ Qxc8 26. Nd2 Nf5 27. g3 Be7 28. h4 Bd8 29. Qd3 Ba5 30. h5 Bxd2 31. Qxd2 Qc4 32. g4 Nh4 0-1

[Event "Nakhchivan op"]
[Site "Nakhchivan"]
[Date "2012.05.04"]
[Round "7"]
[White "Mammadov, Ayaz Arzu"]
[Black "Volkov, Sergey"]
[Result "1-0"]
[WhiteElo "2404"]
[BlackElo "2623"]
[PlyCount "147"]
[EventDate "2012.04.28"]
[EventType "swiss"]
[EventRounds "9"]
[EventCountry "AZE"]
[SourceTitle "CBM 148 Extra"]
[Source "ChessBase"]
[SourceDate "2012.06.22"]
[SourceVersion "1"]
[SourceVersionDate "2012.06.22"]
[SourceQuality "1"]

1. e4 e6 2. d4 d5 3. Nc3 Nf6 4. e5 Nfd7 5. f4 c5 6. Nf3 Nc6 7. Be3 Be7 8. Qd2 0-0 9. dxc5 Qa5 10. Be2 Rd8 11. Nd4 Bxc5 12. Nb3 Bxe3 13. Qxe3 Qb6 14. Qxb6 axb6 15. Bd3 Nc5 16. Kd2 f6 17. Bb5 d4 18. Ne2 Ne4+ 19. Ke1 fxe5 20. fxe5 Rd5 21. Bxc6 bxc6 22. Nbxd4 c5 23. Nf3 g5 24. Ng3 Ra4 25. b3 Nxg3 26. hxg3 Re4+ 27. Kf2 g4 28. c4 Rd7 29. Rhe1 Bb7 30. Rxe4 Bxe4 31. Ne1 Kf7 32. Ke3 Bf5 33. a4 Kg6 34. Ke2 Be4 35. a5 bxa5 36. Rxa5 Kf5 37. Rxc5 Ra7 38. b4 Ra2+ 39. Ke3 Ra3+ 40. Kf2 Rb3 41. b5 h5 42. Rc8 Kxe5 43. Rd8 Kf6 44. Rd2 Rb4 45. Ke3 Rxc4 46. Rd4 Rc1 47. Rxe4 Rxe1+ 48. Kd3 Rb1 49. Kc4 e5 50. Kc5 Ke6 51. b6 Kd7 52. Rxe5 Rb2 53. Rd5+ Kc8 54. Kc6 Rc2+ 55. Rc5 Rxg2 56. Rxh5 Rc2+ 57. Rc5 Rf2 58. Rg5 Rc2+ 59. Kb5 Rb2+ 60. Kc5 Rc2+ 61. Kd5 Rb2 62. Rg8+ Kd7 63. b7 Rxb7 64. Rg7+ Kc8 65. Rxb7 Kxb7 66. Ke5 Kc7 67. Kf5 Kd7 68. Kxg4 Ke6 69. Kh5 Kf7 70. Kh6 Kg8 71. Kg6 Kh8 72. g4 Kg8 73. g5 Kh8 74. Kf7 1-0

[Event "Baku Solidarity Day"]
[Site "Baku"]
[Date "2011.12.26"]
[Round "7.1"]
[White "Mammadov, Ayaz Arzu"]
[Black "Abbasov, Farid"]
[Result "1/2-1/2"]
[WhiteElo "2409"]
[BlackElo "2551"]
[PlyCount "24"]
[EventDate "2011.12.21"]
[EventType "team-schev"]
[EventRounds "10"]
[EventCountry "AZE"]
[SourceTitle "CBM 146 Extra"]
[Source "ChessBase"]
[SourceDate "2012.02.29"]
[SourceVersion "1"]
[SourceVersionDate "2012.02.29"]
[SourceQuality "1"]

1. e4 g6 2. d4 Bg7 3. Nc3 d6 4. g3 Nd7 5. Bg2 Rb8 6. a4 c5 7. Nf3 b6 8. 0-0 Ba6 9. Nb5 Bb7 10. Nc3 Ba6 11. Nb5 Bb7 12. Nc3 Ba6 1/2-1/2

[Event "Baku Solidarity Day"]
[Site "Baku"]
[Date "2011.12.22"]
[Round "2.1"]
[White "Abbasov, Farid"]
[Black "Mammadov, Ayaz Arzu"]
[Result "1-0"]
[WhiteElo "2551"]
[BlackElo "2409"]
[PlyCount "77"]
[EventDate "2011.12.21"]
[EventType "team-schev"]
[EventRounds "10"]
[EventCountry "AZE"]
[SourceTitle "CBM 146 Extra"]
[Source "ChessBase"]
[SourceDate "2012.02.29"]
[SourceVersion "1"]
[SourceVersionDate "2012.02.29"]
[SourceQuality "1"]

1. d4 d5 2. c4 Nc6 3. Nf3 Bg4 4. e3 e5 5. cxd5 Qxd5 6. Nc3 Bb4 7. Be2 exd4 8. 0-0 Bxc3 9. bxc3 d3 10. Qxd3 Qxd3 11. Bxd3 0-0-0 12. Be2 Nf6 13. c4 Ne4 14. Bb2 Nd2 15. Rfd1 Nxf3+ 16. gxf3 Be6 17. Kf1 f6 18. Rdc1 Bh3+ 19. Ke1 Ne5 20. c5 Rhe8 21. a4 Bg2 22. Bxe5 Rxe5 23. f4 Re7 24. a5 a6 25. Rd1 Rxd1+ 26. Rxd1 Bc6 27. Rd4 Kb8 28. Bd3 h6 29. Kd2 Ka7 30. Kc3 Rd7 31. Rxd7 Bxd7 32. e4 b6 33. e5 bxa5 34. Bc4 Be8 35. Bg8 fxe5 36. fxe5 Kb7 37. Bd5+ Bc6 38. Bxc6+ Kxc6 39. e6 1-0

[Event "Baku Solidarity Day"]
[Site "Baku"]
[Date "2011.12.22"]
[Round "3.1"]
[White "Mammadov, Ayaz Arzu"]
[Black "Gaprindashvili, Valeriane"]
[Result "1/2-1/2"]
[WhiteElo "2409"]
[BlackElo "2400"]
[PlyCount "76"]
[EventDate "2011.12.21"]
[EventType "team-schev"]
[EventRounds "10"]
[EventCountry "AZE"]
[SourceTitle "CBM 146 Extra"]
[Source "ChessBase"]
[SourceDate "2012.02.29"]
[SourceVersion "1"]
[SourceVersionDate "2012.02.29"]
[SourceQuality "1"]

1. e4 d5 2. exd5 Nf6 3. d4 Nxd5 4. c4 Nf6 5. Nf3 Bg4 6. Be2 e6 7. 0-0 Nc6 8. Be3 Be7 9. Qb3 0-0 10. Rd1 Qc8 11. h3 Bh5 12. Nc3 Rd8 13. Rac1 Nb4 14. g4 Bg6 15. a3 Na6 16. Ne5 Bd6 17. Bf3 c6 18. Nxg6 hxg6 19. d5 Bc5 20. Bf4 Re8 21. dxc6 bxc6 22. Qa4 Nb8 23. Bd6 Bxd6 24. Rxd6 Rd8 25. Rxd8+ Qxd8 26. Bxc6 Nxc6 27. Qxc6 Rc8 28. Qa6 Rb8 29. Rd1 Qc7 30. Rd2 e5 31. Kg2 e4 32. Nd5 Qe5 33. Qxa7 Nxd5 34. cxd5 Rxb2 35. Rxb2 Qxb2 36. d6 Qd2 37. Qa8+ Kh7 38. Qxe4 Qxd6 1/2-1/2

[Event "Baku Solidarity Day"]
[Site "Baku"]
[Date "2011.12.21"]
[Round "1.1"]
[White "Mammadov, Ayaz Arzu"]
[Black "Rasulov, Vugar Ural Oglu"]
[Result "0-1"]
[WhiteElo "2409"]
[BlackElo "2537"]
[PlyCount "60"]
[EventDate "2011.12.21"]
[EventType "team-schev"]
[EventRounds "10"]
[EventCountry "AZE"]
[SourceTitle "CBM 146 Extra"]
[Source "ChessBase"]
[SourceDate "2012.02.29"]
[SourceVersion "1"]
[SourceVersionDate "2012.02.29"]
[SourceQuality "1"]

1. e4 c5 2. Nf3 e6 3. c3 d5 4. e5 d4 5. Bd3 Nc6 6. 0-0 Nge7 7. Re1 Ng6 8. g3 Be7 9. h4 dxc3 10. dxc3 c4 11. Bxg6 fxg6 12. Qxd8+ Bxd8 13. Nbd2 0-0 14. Kg2 b5 15. a4 Bb7 16. Ne4 Rxf3 17. Kxf3 Nxe5+ 18. Kg2 Bb6 19. Re2 Rf8 20. f4 Nd3 21. Kh2 e5 22. Nd6 Bd5 23. axb5 Bc7 24. Ne4 exf4 25. Bxf4 Nxf4 26. gxf4 Rxf4 27. Kh3 Bxe4 28. Rxa7 Rf3+ 29. Kg2 Bd5 30. b6 Bxb6 0-1

[Event "Esfahan Zenderood op 3rd"]
[Site "Esfahan"]
[Date "2011.09.08"]
[Round "9"]
[White "Gaprindashvili, Valeriane"]
[Black "Mammadov, Ayaz Arzu"]
[Result "0-1"]
[WhiteElo "2410"]
[BlackElo "2398"]
[PlyCount "86"]
[EventDate "2011.09.02"]
[EventType "swiss"]
[EventRounds "9"]
[EventCountry "IRI"]
[SourceTitle "CBM 144 Extra"]
[Source "ChessBase"]
[SourceDate "2011.10.28"]
[SourceVersion "1"]
[SourceVersionDate "2011.10.28"]
[SourceQuality "1"]

1. d4 d5 2. c4 e6 3. Nc3 c6 4. e3 Nf6 5. Nf3 Nbd7 6. Qc2 Bd6 7. g4 h6 8. Bd2 dxc4 9. Bxc4 b5 10. Be2 Bb7 11. e4 Be7 12. e5 b4 13. exf6 bxc3 14. fxe7 cxd2+ 15. Qxd2 Qxe7 16. 0-0 h5 17. g5 0-0 18. Rfd1 c5 19. Qe3 Rad8 20. dxc5 Nxc5 21. Ne5 Rd5 22. Bxh5 Ne4 23. Rxd5 exd5 24. f4 Qb4 25. b3 d4 26. Qd3 Qd6 27. Re1 g6 28. Bg4 Nc5 29. Qg3 d3 30. Qe3 Rd8 31. Rd1 a5 32. Bf3 Bxf3 33. Qxf3 Qd4+ 34. Kg2 Rd6 35. h4 Kg7 36. Rd2 Ne6 37. Kh2 Nxf4 38. Nxf7 Re6 39. Qb7 Qe4 40. Qa7 Re7 41. Nd6 Qe1 42. Qd4+ Kh7 43. Qxf4 Re2+ 0-1

[Event "Esfahan Zenderood op 3rd"]
[Site "Esfahan"]
[Date "2011.09.05"]
[Round "6"]
[White "Mammadov, Ayaz Arzu"]
[Black "Mousavi, Seyed Khalil"]
[Result "1-0"]
[WhiteElo "2398"]
[BlackElo "2156"]
[PlyCount "79"]
[EventDate "2011.09.02"]
[EventType "swiss"]
[EventRounds "9"]
[EventCountry "IRI"]
[SourceTitle "CBM 144 Extra"]
[Source "ChessBase"]
[SourceDate "2011.10.28"]
[SourceVersion "1"]
[SourceVersionDate "2011.10.28"]
[SourceQuality "1"]

1. e4 c5 2. Nf3 e6 3. d4 cxd4 4. Nxd4 Nf6 5. Nc3 Nc6 6. Ndb5 Bb4 7. a3 Bxc3+ 8. Nxc3 d5 9. exd5 exd5 10. Bd3 0-0 11. 0-0 d4 12. Ne2 Bg4 13. Bg5 Qd6 14. h3 Bh5 15. Qd2 Rfe8 16. Nf4 Bg6 17. Nxg6 hxg6 18. Rfe1 Ne7 19. Rad1 Nc6 20. Bc4 Qd7 21. b4 Ne4 22. Qc1 Qf5 23. Bf4 g5 24. Bg3 Nxg3 25. fxg3 Rxe1+ 26. Rxe1 Ne5 27. Bd5 Rc8 28. Qd2 Qf6 29. Qe2 Re8 30. Rf1 Qe7 31. Qe4 Nc6 32. Qf5 Nd8 33. Kh2 Kh8 34. Qg4 Qe2 35. Qxe2 Rxe2 36. Bxf7 Kh7 37. Bc4 Re8 38. Rf5 Kh6 39. Rd5 Nc6 40. Rd6+ 1-0

[Event "Esfahan Zenderood op 3rd"]
[Site "Esfahan"]
[Date "2011.09.04"]
[Round "4"]
[White "Mammadov, Ayaz Arzu"]
[Black "Mohazzab, Sepehr"]
[Result "1-0"]
[WhiteElo "2398"]
[BlackElo "2020"]
[PlyCount "61"]
[EventDate "2011.09.02"]
[EventType "swiss"]
[EventRounds "9"]
[EventCountry "IRI"]
[SourceTitle "CBM 144 Extra"]
[Source "ChessBase"]
[SourceDate "2011.10.28"]
[SourceVersion "1"]
[SourceVersionDate "2011.10.28"]
[SourceQuality "1"]

1. e4 c6 2. d4 d5 3. Nc3 dxe4 4. Nxe4 Nf6 5. Nxf6+ gxf6 6. c3 Bf5 7. Ne2 e6 8. Ng3 Bg6 9. h4 h5 10. Be2 Qa5 11. b4 Qc7 12. Nxh5 Bxh5 13. Bxh5 a5 14. Qe2 Be7 15. b5 cxb5 16. Qxb5+ Nd7 17. Bd2 Ra6 18. Bd1 Kd8 19. h5 Nb6 20. Rb1 Kc8 21. Bf3 Rd8 22. h6 f5 23. h7 Bf6 24. Bg5 Qxc3+ 25. Kf1 Qxd4 26. Rd1 Qxd1+ 27. Bxd1 Rxd1+ 28. Ke2 Rxh1 29. Bxf6 Rxh7 30. Qe8+ Kc7 31. Be5# 1-0

[Event "AZE-ch U20"]
[Site "Baku"]
[Date "2011.04.15"]
[Round "5"]
[White "Mammadov, Ayaz Arzu"]
[Black "Abasov, Nijat Azad"]
[Result "1/2-1/2"]
[WhiteElo "2409"]
[BlackElo "2504"]
[PlyCount "87"]
[EventDate "2011.04.11"]
[EventType "tourn"]
[EventRounds "7"]
[EventCountry "AZE"]
[EventCategory "5"]
[SourceTitle "CBM 141 Extra"]
[Source "ChessBase"]
[SourceDate "2011.05.03"]
[SourceVersion "1"]
[SourceVersionDate "2011.05.03"]
[SourceQuality "1"]

1. e4 e5 2. Nf3 Nc6 3. Bc4 Bc5 4. c3 Nf6 5. d4 exd4 6. e5 Ne4 7. Bd5 Nxf2 8. Kxf2 dxc3+ 9. Kg3 cxb2 10. Bxb2 0-0 11. h3 d6 12. Bxc6 bxc6 13. Qc2 Rb8 14. Nbd2 Be6 15. Rhe1 Bd5 16. Kh2 dxe5 17. Bxe5 Bd6 18. Kh1 Bxe5 19. Rxe5 h6 20. Qc5 a6 21. a4 Qf6 22. Rae1 Qf4 23. a5 Qb4 24. Qxb4 Rxb4 25. Ne4 Ra4 26. Nc5 Rxa5 27. Nd7 Rd8 28. Re8+ Rxe8 29. Rxe8+ Kh7 30. Nf8+ Kg8 31. Nd7+ Kh7 32. Nf8+ Kg8 33. Ne5 g5 34. Ne6+ Kh7 35. Nxc7 Kg7 36. Nxd5 cxd5 37. Kg1 Ra1+ 38. Kf2 Ra2+ 39. Kf3 Ra3+ 40. Kf2 Ra2+ 41. Kf1 Ra1+ 42. Ke2 Ra2+ 43. Kf3 Ra3+ 44. Kf2 1/2-1/2